| 000 | 00457nam a2200169Ia 4500 | ||
|---|---|---|---|
| 008 | 220803s9999 xx 000 0 und d | ||
| 020 | _a81-85026-64-5 | ||
| 041 | _aeng | ||
| 082 | _a722 NAN/MIC | ||
| 100 |
_aNanda V Ed. _918518 |
||
| 245 | _aChidambaram Home Of Nataraja | ||
| 260 |
_aMumbai _bMarg Pub. _c2004 |
||
| 300 | _a140p | ||
| 500 | _aArchitecture | ||
| 650 |
_aArchitectural History _918519 |
||
| 700 |
_aBharat Ramamrutham Michell G Ed. _918520 |
||
| 999 |
_c12824 _d12824 |
||